1253 1936 1289 1002 1341 1317 1044 1367 1087 1507 1378 1805 1806 1325 1458 1050 1840 1022 1673 1333 1904 1545 1360 1769 1526 1538 1143 1128 1497 1186 1280 1667 1222 1248 1714 1910 1231 1565 1367 1038 1610 1798 1919 1703 1380 1371 1124 1780 1728 1243 1609 1059 1608 1432 1958 1869 1046 1319 1593 1381 1911 1633 1791 1383 1440 1960 1779 1890 1643 1361 1792 1167 1897 1804 1508 1462 1937 1454 1508 1245 1463 1998 1224 1628 1209 1467 1218 1839 1120 1604 1827 1047 1162 1491 1338 1619 1942 1043 1504 BCNSPRNW ULIB Ver.6.0+V

เปลี่ยนเป็นภาษาไทย

Change to English
 แสดงรายละเอียดบรรณานุกรม
  กลับหน้าหลัก

Brief Record : Get Marc (ISO 2709) : E-mail record : QR code < ปิดหน้าต่าง
LEADER : 00000nam 2200000uu 4500
001    13399121438
003     ULIB
008    121119s2551||||th 000 0 tha d
020    ^a9789748478890
090    ^aนว.^bป164ห
100 0  ^aปภาฐิตา
245 00 ^aหลากหัวใจในสายลมรัก/^cปภาฐิตา
250    ^aพิมพ์ครั้งที่ 1
260    ^aกรุงเทพฯ :^bไฟน์บุ๊ค,^c2551
300    ^a228 หน้า
710 1  ^aไฟน์บุ๊ค
945    ^p160^l0^i14055
995    ^aทศพร
999    ^aทศพร เกษรทอง
รายการนี้ยังไม่มีแท็ก
คุณยังไม่ได้ล็อกอิน คุณสามารถมีกิจกรรมร่วมกับเว็บไซต์ได้ แต่ต้องล็อกอินก่อน ::
  ล็อกอิน

รายการสื่อสารสนเทศ

ลำดับที่ ประเภท เลขเรียก/บาร์โค้ด สถานที่ สถานะ
1. นวนิยาย
นวนิยาย
นว. ป164ห ฉ.1 
  Barcode: 14055
ห้องสมุดวิทยาเขตสวรรค์ประชารักษ์
►นวนิยาย
บนชั้น
  ขอยืม

BibComment


ยังไม่เคยถูกคอมเมนท์

คอมเมนท์ทรัพยากรรายการนี้
  คอมเมนท์: หลากหัวใจในสายลม..


 Copyright 2026. Bcnsprnw @Library